000 01433 a2200205 4500
001 54106
005 20260407155811.0
008 260407a1968 arg spa d
003 AR-UNSa-BCEJYS
040 _aAR-UNSa-BCEJYS
_bspa
_cAR-UNSa-BCEJYS
080 _a330(73)
_xEconomía de los Estados Unidos
245 1 0 _aLa republica económica norteamericana
264 1 _aBuenos Aires :
_bTEA (Tipográfica Editora Argentina)
_c1968
300 _a314 p.
_c20 cm.
505 _aPrimera parte: Teoría - I. Fragmentación de las concepciones económicas:la propiedad ante el análisis - II. Conceptos de la fisión del siglo XX: poder y propiedad,problema de aspectos - III. Fuentes de capital y cambios en el poder de tomar decisiones - IV. El mercado libre ¿es un amigo o una amenaza? - V. El proceso democrático:la política como medio de reparación - Segunda parte: Organización y estructura - VI. El Estado político asume la responsabilidad - VII. Estructura gubernamental de la república económica norteamericana - VIII. Dinero,crédito y capital - IX. Los mercados controlados - X. El sector del mercado libre: la industria y su concentración - XI. El trabajo:su poder y precio - XII. El Estado tutelar:el sector socializado - Tercera parte: Los valores - XIII. El sistema de valores y el "margen trascendental"
041 _aspa
942 _cBK
590 _aniveau_biblio:m niveau_hierar:0
100 1 _aBerle, Adolf A.
999 _c5353
_d5353